000 00212 a2200097 4500
001 6812
100 _aAngus, R B
245 _aElectrical Engineering Fundomantals
260 _a
_bWestey
_c
090 _c5628
_d5628
942 _aNUST-CAE
_cM
_c32076
999 _c241885
_d241885